ბათუმის შოთა რუსთაველის სახელმწიფო უნივერსიტეტის ბიბლიოთეკა

ცეცხლი ცისა და მიწისა (ბიბ.ჩანაწერი № 42827)

000 -LEADER
fixed length control field 00838nam a2200229Ia 4500
001 - CONTROL NUMBER
control field 9533
003 - CONTROL NUMBER IDENTIFIER
control field GE_BSU
008 - FIXED-LENGTH DATA ELEMENTS--GENERAL INFORMATION
fixed length control field 181216s||||||||xx |||||||||||||| ||und||
040 ## - CATALOGING SOURCE
Transcribing agency GE_BSU
080 ## - UNIVERSAL DECIMAL CLASSIFICATION NUMBER
Universal Decimal Classification number 821.353.1–32
100 ## - MAIN ENTRY--PERSONAL NAME
Personal name მაღულარია,გივი
245 ## - TITLE STATEMENT
Title ცეცხლი ცისა და მიწისა
245 ## - TITLE STATEMENT
Remainder of title მითოლოგიური მოთხრობა
245 ## - TITLE STATEMENT
Statement of responsibility, etc. რედ.ნ.ლორთქიფანიძე.მხატვ.ე.ბერძენიშვილი
260 ## - PUBLICATION, DISTRIBUTION, ETC.
Place of publication, distribution, etc. თბილისი
260 ## - PUBLICATION, DISTRIBUTION, ETC.
Name of publisher, distributor, etc. ნაკადული
260 ## - PUBLICATION, DISTRIBUTION, ETC.
Date of publication, distribution, etc. 1975
300 ## - PHYSICAL DESCRIPTION
Extent 187გვ.ილ.16სმ
653 ## - INDEX TERM--UNCONTROLLED
Uncontrolled term მითოლოგიური მოთხრობა
653 ## - INDEX TERM--UNCONTROLLED
Uncontrolled term ცეცხლი ცისა და მიწისა
942 ## - ADDED ENTRY ELEMENTS (KOHA)
Koha item type წიგნი
ეგზემპლარები
Withdrawn status Lost status Damaged status Not for loan Date acquired Barcode Date last seen Price effective from Koha item type
        2018-12-17 32546 2018-12-17 2018-12-17 წიგნი
        2018-12-17 32547 2018-12-17 2018-12-17 წიგნი